LDR 01339naa#a2200205#i#450# 001 RU\\bibl\122988 005 20260513031158.3 011 ## _a2409-1073 100 ## _a20231220b2023####ek#y0rusy0150####ca 102 ## _aRU 200 1# _aКонцептуальные положения стратегического управления конкурентоспособностью промышленных предприятий _eЖурнальная статья 210 1# _aМосква _cФедеральное государственное автономное образовательное учреждение высшего образования Национальный исследовательский университет "Московский институт электронной техники" _d2023 215 ## _a0 с. 608 ## _aЖурнальная статья _2local 675 ## _aКонкуренция. Демпинг и т. п.. 339.137 _aПромышленные предприятия по форме. 334.716 _z 700 #1 _aГуськова _gНадежда Дмитриевна 700 #1 _aЕрастова _gАлександра Валерьевна 700 #1 _aМарабаева _gЛюдмила Владимировна 700 #1 _aЧеркасова _gОксана Васильевна 856 4# _aesgi-journal.ru _u